| 000 | 00319nam a22001097a 4500 | ||
|---|---|---|---|
| 082 |
_a388.13 _bTRU |
||
| 245 | _aTruck characteristics for use in highway design and operation | ||
| 260 |
_aVirginia _bUS Department of Transportation |
||
| 526 |
_a0 _b0 _c0 _d388_130000000000000_TRU |
||
| 650 |
_aMCE _9379 |
||
| 942 |
_2ddc _cBK |
||
| 999 |
_c543272 _d543272 |
||